000
00210 a2200097 4500
001
12196
100
_a
Abid,Ali Abid
245
_a
Main Kabi Ghazal na Kehta
260
_a
_b
Sang-e-Meel
_c
090
_c
9410
_d
9410
942
_a
NUST-CAE
_c
M
_c
36279
999
_c
247269
_d
247269